| 000 | 00734nam a2200217Ia 4500 | ||
|---|---|---|---|
| 001 | 11717 | ||
| 003 | GE_BSU | ||
| 008 | 181216s||||||||xx |||||||||||||| ||und|| | ||
| 040 | _cGE_BSU | ||
| 080 | _a37.01(479.22)(092) | ||
| 100 | _aთავზიშვილი,ვ. | ||
| 245 | _aიაკობ გოგებაშვილი | ||
| 245 | _bმონოგრაფია | ||
| 245 | _cრედ:მ.ბურჭულაძე; მხატვ:მ.ქუთათელაძე. | ||
| 260 | _aთბილისი | ||
| 260 | _bსახელგამი | ||
| 260 | _c1952 | ||
| 300 | _a248გვ;19სმ. | ||
| 653 | _aიაკობ გოგებაშვილი,მონოგრაფია | ||
| 942 | _cBK | ||
| 999 |
_c44898 _d44898 |
||